[Event "TUR-chT 2nd League"]
[Site "Konya"]
[Date "2019.07.26"]
[Round "7.9"]
[White "Ozkinaci, Nursena"]
[Black "Bayram, Irem Inci"]
[Result "1/2-1/2"]
[WhiteElo "1282"]
[BlackElo "1523"]
[PlyCount "86"]
[EventDate "2019.07.22"]
[EventType "team-swiss"]
[EventRounds "9"]
[EventCountry "TUR"]
[SourceTitle "CBM 191 Extra"]
[Source "ChessBase"]
[SourceDate "2019.09.30"]
[SourceVersion "1"]
[SourceVersionDate "2019.09.30"]
[SourceQuality "1"]
[WhiteTeam "Gaziantep Sader"]
[BlackTeam "Karaman Masterler"]
[WhiteTeamCountry "TUR"]
[BlackTeamCountry "TUR"]

1. Nf3 Nf6 2. e3 e6 3. b3 b6 4. Bb2 Bb7 5. d4 d5 6. Be2 Bd6 7. 0-0 0-0 8. c4 Nbd7 9. Nbd2 Re8 10. Ne5 Ne4 11. f4 f6 12. Nxd7 Qxd7 13. Bd3 c5 14. Qc2 Qc6 15. Rad1 f5 16. Nf3 Rac8 17. Qe2 Qc7 18. Rc1 Qe7 19. Ne5 Bxe5 20. fxe5 Qg5 21. Bxe4 dxe4 22. Rcd1 Rcd8 23. Bc1 Qg6 24. Rf4 cxd4 25. exd4 Rd7 26. Be3 Red8 27. Rh4 Rf8 28. Qf2 Rdd8 29. Rf4 Qh5 30. Rf1 g5 31. Qg3 Kh8 32. R4f2 f4 33. Bxf4 gxf4 34. Rxf4 Rg8 35. Qe3 Qg5 36. g3 Rdf8 37. Qc1 Rd8 38. Qc3 Qg6 39. Rf6 Qg4 40. R6f4 Qe2 41. Rf7 e3 42. Rxb7 Rdf8 43. Qe1 Qd3 1/2-1/2

[Event "TUR-chT 2nd League"]
[Site "Konya"]
[Date "2019.07.25"]
[Round "6.5"]
[White "Demirtas, Hafize"]
[Black "Bayram, Irem Inci"]
[Result "1-0"]
[WhiteElo "1893"]
[BlackElo "1523"]
[PlyCount "66"]
[EventDate "2019.07.22"]
[EventType "team-swiss"]
[EventRounds "9"]
[EventCountry "TUR"]
[SourceTitle "CBM 191 Extra"]
[Source "ChessBase"]
[SourceDate "2019.09.30"]
[SourceVersion "1"]
[SourceVersionDate "2019.09.30"]
[SourceQuality "1"]
[WhiteTeam "Samandag Altin"]
[BlackTeam "Karaman Masterler"]
[WhiteTeamCountry "TUR"]
[BlackTeamCountry "TUR"]

1. e4 c5 2. Nf3 g6 3. c3 d5 4. exd5 Qxd5 5. d4 Bg7 6. Be3 cxd4 7. cxd4 Nf6 8. Nc3 Qd8 9. Bd3 0-0 10. 0-0 a6 11. Qe2 b5 12. a3 Bb7 13. Rfd1 Nbd7 14. Rac1 Nb6 15. Bb1 Qd6 16. Ne5 Nbd5 17. Nd3 Rac8 18. Nc5 Ba8 19. b4 Rfd8 20. Re1 e6 21. Qd2 Ng4 22. g3 Ndxe3 23. fxe3 Ne5 24. Qf2 Nf3+ 25. Kf1 Nxe1 26. Rxe1 Qb6 27. Ba2 h6 28. Qd2 Rd6 29. Rc1 f5 30. g4 Kh7 31. gxf5 exf5 32. h4 Rf8 33. h5 f4 1-0

[Event "TUR-chT 1st League"]
[Site "Konya"]
[Date "2018.07.19"]
[Round "5.8"]
[White "Bayram, Irem Inci"]
[Black "Demirtas, Hafize"]
[Result "0-1"]
[WhiteElo "1554"]
[BlackElo "1672"]
[PlyCount "120"]
[EventDate "2018.07.16"]
[EventType "team-swiss"]
[EventRounds "9"]
[EventCountry "TUR"]
[SourceTitle "EXT 2019"]
[Source "ChessBase"]
[SourceDate "2018.10.10"]
[SourceVersion "1"]
[SourceVersionDate "2018.10.10"]
[SourceQuality "1"]
[WhiteTeam "Karman Masterler"]
[BlackTeam "Burdurspor Dernegi"]
[WhiteTeamCountry "TUR"]
[BlackTeamCountry "TUR"]

1. d4 Nf6 2. c4 e6 3. Nf3 b6 4. Nc3 Bb4 5. Qb3 c5 6. Bd2 0-0 7. a3 Bxc3 8. Bxc3 Ne4 9. e3 Qc7 10. Bd3 Bb7 11. Rd1 d6 12. d5 exd5 13. cxd5 Qe7 14. Ng1 f5 15. g3 Nd7 16. Ne2 Ng5 17. Nf4 Nf3+ 18. Kf1 Nde5 19. Bxe5 Nxe5 20. Bb1 c4 21. Qc3 g5 22. Ne2 Qf7 23. Qd4 Qh5 24. h4 Rae8 25. Ng1 Nd3 26. Rxd3 cxd3 27. Bxd3 Re5 28. Bc4 Re4 29. Qd3 Rc8 30. b3 gxh4 31. f3 Re7 32. Rxh4 Qg5 33. Kf2 Rce8 34. f4 Qf6 35. Rh5 Bc8 36. Rg5+ Kf7 37. Qc2 Rxe3 38. Bb5 R8e7 39. Rh5 h6 40. a4 Qd4 41. Rxf5+ Kg7 42. Kg2 Bxf5 43. Qxf5 Qe4+ 44. Qxe4 R7xe4 45. Bc4 Rxc4 46. bxc4 Rc3 47. Nf3 Rxc4 48. Nh4 Kf6 49. Kf3 h5 50. Ng2 Rxa4 51. Kf2 Ra2+ 52. Kf3 Rxg2 53. Kxg2 a5 54. Kh3 a4 55. Kh4 a3 56. f5 Kxf5 57. Kh3 a2 58. Kh4 a1Q 59. g4+ hxg4 60. Kh5 Qh1# 0-1

[Event "TUR-chT 1st League"]
[Site "Konya"]
[Date "2018.07.16"]
[Round "1.11"]
[White "Ozen, Batuhan"]
[Black "Bayram, Irem Inci"]
[Result "1-0"]
[WhiteElo "2144"]
[BlackElo "1554"]
[PlyCount "57"]
[EventDate "2018.07.16"]
[EventType "team-swiss"]
[EventRounds "9"]
[EventCountry "TUR"]
[SourceTitle "EXT 2019"]
[Source "ChessBase"]
[SourceDate "2018.10.10"]
[SourceVersion "1"]
[SourceVersionDate "2018.10.10"]
[SourceQuality "1"]
[WhiteTeam "DCM Pamukkale Universiteli"]
[BlackTeam "Karman Masterler"]
[WhiteTeamCountry "TUR"]
[BlackTeamCountry "TUR"]

1. e4 e5 2. Nf3 Nf6 3. Nc3 Nc6 4. Bb5 d6 5. d4 exd4 6. Nxd4 Bd7 7. Bxc6 bxc6 8. h3 Be7 9. g4 g6 10. Nde2 Be6 11. Nf4 h6 12. Qd3 g5 13. Nxe6 fxe6 14. Be3 a5 15. 0-0-0 e5 16. Ne2 Qb8 17. Ng3 Qb4 18. Bd2 Qa4 19. Kb1 Rb8 20. c4 c5 21. Nf5 Kd7 22. Bc3 Qa3 23. Ka1 Qa4 24. Bxe5 Qc6 25. Rhe1 Rhd8 26. Bc3 Ke8 27. Qf3 Ng8 28. Ng7+ Kd7 29. Qf5# 1-0

[Event "Izmir op 15th"]
[Site "Izmir"]
[Date "2016.09.08"]
[Round "6"]
[White "Bayram, Irem Inci"]
[Black "Akyildiz, Baris"]
[Result "0-1"]
[WhiteElo "1641"]
[BlackElo "1914"]
[PlyCount "162"]
[EventDate "2016.09.05"]
[EventType "swiss"]
[EventRounds "9"]
[EventCountry "TUR"]
[SourceTitle "CBM 174 Extra"]
[Source "ChessBase"]
[SourceDate "2016.10.10"]
[SourceVersion "1"]
[SourceVersionDate "2016.10.10"]
[SourceQuality "1"]

1. e4 c5 2. Nf3 Nc6 3. d4 cxd4 4. Nxd4 Nf6 5. Nc3 e5 6. Ndb5 d6 7. Bg5 a6 8. Na3 b5 9. Nd5 Be7 10. Bxf6 Bxf6 11. c4 b4 12. Nc2 Rb8 13. b3 0-0 14. Be2 Bg5 15. 0-0 Kh8 16. Bg4 Be6 17. Nce3 g6 18. g3 f5 19. Bh3 Nd4 20. f4 Bh6 21. exf5 Nxf5 22. Nxf5 gxf5 23. fxe5 dxe5 24. Qh5 Qg5 25. Qxg5 Bxg5 26. Nc7 Be3+ 27. Kh1 Bc8 28. Bg2 Bb7 29. Bxb7 Rxb7 30. Nd5 Bd4 31. Rad1 a5 32. Rfe1 Rd7 33. h3 Rfd8 34. Kh2 Kg7 35. Rf1 Kg6 36. Rfe1 h5 37. Re2 Rxd5 38. cxd5 Rxd5 39. Red2 Kf6 40. Kg2 Ke6 41. Kf1 Rc5 42. Ke2 Kd5 43. Kf1 Rc3 44. Rd3 Ke4 45. Ke2 Rc2+ 46. R1d2 Rc5 47. Rd1 Rc2+ 48. R1d2 Rc6 49. Rd1 Rg6 50. Re1 Kd5 51. Rf3 Ke6 52. Ref1 Kd5 53. Rxf5 Rxg3 54. Rxh5 Rg2+ 55. Kf3 Rxa2 56. Rb1 Ra3 57. Kg4 a4 58. bxa4 b3 59. Rh8 b2 60. Rd8+ Kc4 61. Rxd4+ exd4 62. Rxb2 Kc3 63. Rb8 Rxa4 64. Kf3 Rc4 65. Rd8 Rc7 66. h4 d3 67. Kf2 Kc2 68. Ra8 d2 69. Ra2+ Kd3 70. Rxd2+ Kxd2 71. Kg3 Ke3 72. Kg4 Ke4 73. Kg5 Rg7+ 74. Kf6 Ra7 75. h5 Kf4 76. h6 Ra6+ 77. Kg7 Kg5 78. h7 Ra7+ 79. Kg8 Kg6 80. h8N+ Kf6 81. Nf7 Rxf7 0-1

[Event "TUR-chT2"]
[Site "Konya"]
[Date "2016.07.18"]
[Round "3.4"]
[White "Sural, Ceren"]
[Black "Bayram, Irem Inci"]
[Result "1-0"]
[WhiteElo "1488"]
[BlackElo "1601"]
[PlyCount "111"]
[EventDate "2016.07.17"]
[EventType "team-swiss"]
[EventRounds "9"]
[EventCountry "TUR"]
[SourceTitle "CBM 173 Extra"]
[Source "ChessBase"]
[SourceDate "2016.08.29"]
[SourceVersion "1"]
[SourceVersionDate "2016.08.29"]
[SourceQuality "1"]
[WhiteTeam "Karaman Saglik"]
[BlackTeam "Izmir Rota Koleji"]
[WhiteTeamCountry "TUR"]
[BlackTeamCountry "TUR"]

1. e4 e5 2. Nf3 Nc6 3. Bc4 Nf6 4. d3 Be7 5. c3 d6 6. Bb3 h6 7. Nbd2 0-0 8. h3 d5 9. Qe2 Re8 10. Nf1 a5 11. g4 a4 12. Bc2 dxe4 13. dxe4 Nh7 14. Ng3 a3 15. b4 Ng5 16. Nf5 Nxf3+ 17. Qxf3 Bg5 18. h4 Bxc1 19. Rxc1 Qf6 20. Qg3 Bxf5 21. gxf5 Kh7 22. h5 Qg5 23. Qxg5 hxg5 24. Ke2 Red8 25. Rh3 Kh6 26. Rch1 Na7 27. Rd3 Rxd3 28. Bxd3 Nc8 29. f3 Nb6 30. Kd2 Rd8 31. Kc2 Rd7 32. Be2 Rd6 33. Kb3 Rd2 34. Re1 c5 35. Kxa3 cxb4+ 36. cxb4 Nd7 37. Bc4 Nf6 38. Bxf7 Rd3+ 39. Ka4 Rxf3 40. Kb5 g4 41. Kb6 g3 42. Kxb7 g2 43. Rg1 Rf2 44. Ka7 Ng4 45. b5 Ne3 46. b6 Rf1 47. Rxg2 Nxg2 48. b7 Rb1 49. Bb3 Rxb3 50. axb3 Nf4 51. b8Q Nxh5 52. Qxe5 Nf6 53. b4 Kh7 54. b5 Kg8 55. b6 Kh7 56. b7 1-0